Svalové transpozice při periferních parézách na ruce a předloktí

Bibliographic Details
Main Author: Dlabal, Karel (Author)
Format: Book
Language:Czech
PhysicalDescription:104 s. ilustr. (prevažne fareb.) 21 cm
Published: Hradec Králové NUCLEUS HK c2010
ISBN:9788087009741
Edition:1. vyd.
Series:Edice plastické chirurgie
Subjects:

MARC

LEADER 00000nam a2200000 a 4500
001 vtls010342082
003 SK-MaSNL
005 20260302082451.0
008 240314s2010 xr a g 000 0 cze
020 |a 9788087009741  |q (brož.) 
040 |a SNK  |b slo  |c SNK  |e AACR2 
041 0 |a cze 
044 |a xr  |c CZ 
072 7 |a 617  |x Ortopédia. Chirurgia. Oftalmológia  |2 konspekt 
080 |a 616.8-009.11  |2 2001 
080 |a 617.576  |2 2001 
080 |a 617-089  |2 2001 
080 |a (048.8)  |2 2001 
100 1 |a Dlabal, Karel  |4 aut  |9 749205 
245 1 0 |a Svalové transpozice při periferních parézách na ruce a předloktí  |c Karel Dlabal 
250 |a 1. vyd. 
260 |a Hradec Králové  |b NUCLEUS HK  |c c2010 
300 |a 104 s.  |b ilustr. (prevažne fareb.)  |c 21 cm 
366 |e 300 výt. 
490 1 |a Edice plastické chirurgie 
504 |a Obsahuje bibliogr. 
650 0 7 |a paréza  |2 SNKPH  |9 24401 
650 0 7 |a ruka  |2 SNKPH  |9 74212 
650 0 7 |a chirurgická terapia  |2 SNKPH  |9 68046 
650 0 7 |a Paresis  |2 SNKPHeng  |9 749206 
650 0 7 |a Hand  |2 SNKPHeng  |9 566279 
650 0 7 |a Surgical therapeutics  |2 SNKPHeng  |9 345228 
655 7 |a monografie  |2 SNKPH  |9 70139 
655 7 |a Monographs  |2 SNKPHeng  |9 120675 
830 0 |a Edice plastické chirurgie  |9 697469 
919 |a 978-80-87009-74-1 
999 |c 1180152  |d 1182082 
952 |t snkDLA 617-089  |a SNKUST  |b SNKUST  |y PREZ  |7 0  |p 17A0879806  |o snkIC 140051  |i snk2012/5662  |8 2  |g 11.88  |0 0  |1 0  |4 0  |d 2012-02-15  |l 0  |r 2025-05-28 00:00:00  |w 2026-02-24